[Event "NK Jeugd Cj"]
[Site "Assen"]
[Date "2017.04.29"]
[Round "9.13"]
[White "Warnaar, Alisha"]
[Black "Rutjens, Mika"]
[Result "1-0"]
[WhiteElo "1571"]
[BlackElo "1515"]
[PlyCount "76"]
[EventDate "2017.??.??"]

1. e4 e5 2. Nf3 Nf6 3. Nxe5 d6 4. Nf3 Nxe4 5. Nc3 Nxc3 6. dxc3 Nc6 7. Be3 Be6
8. Qd2 Be7 9. O-O-O O-O 10. Kb1 a5 11. h4 Na7 12. Bd3 c5 13. Ng5 h6 14. Nxe6
fxe6 15. Bxh6 gxh6 16. Qxh6 Rf6 17. Bg6 Rxg6 18. Qxg6+ Kf8 19. Rd3 Bf6 20. Rf3
Ke7 21. Qxf6+ Kd7 22. Qxd8+ Rxd8 23. h5 Rh8 24. h6 Ke7 25. g4 Nc6 26. g5 Ne5
27. Rf6 Nf7 28. Rg6 e5 29. Kc1 b5 30. h7 Kf8 31. Kd2 Ke7 32. Rg8 b4 33. cxb4
axb4 34. g6 b3 35. axb3 c4 36. gxf7 Kxf7 37. Rxh8 cxb3 38. cxb3 d5 1-0

[Event "NK Jeugd Cj"]
[Site "Assen"]
[Date "2017.04.29"]
[Round "10.1"]
[White "De Boer, Eelke"]
[Black "Bruil, Rembrandt"]
[Result "1-0"]
[WhiteElo "2100"]
[BlackElo "1963"]
[PlyCount "62"]
[EventDate "2017.??.??"]

1. e4 d6 2. d4 Nf6 3. Nc3 e5 4. Nf3 Nbd7 5. Bc4 Be7 6. O-O O-O 7. a4 a5 8. Re1
c6 9. Ba2 h6 10. h3 Re8 11. Nh4 exd4 12. Qxd4 Nc5 13. Ng6 Be6 14. Nxe7+ Qxe7
15. Bf4 Rad8 16. Bh2 Bxa2 17. Rxa2 d5 18. e5 Nfe4 19. Nxe4 Nxe4 20. Raa1 Qc5
21. Rxe4 Qxc2 22. Ree1 c5 23. Qc3 Qg6 24. Qxc5 d4 25. Rad1 d3 26. Rd2 Qe6 27.
Red1 Qb3 28. Qa3 Qc2 29. Rxc2 dxc2 30. Rf1 Rd2 31. Bf4 Rd1 1-0

[Event "NK Jeugd Cj"]
[Site "Assen"]
[Date "2017.04.29"]
[Round "11.1"]
[White "Bruil, Rembrandt"]
[Black "De Boer, Eelke"]
[Result "1-0"]
[WhiteElo "1963"]
[BlackElo "2100"]
[PlyCount "98"]
[EventDate "2017.??.??"]

1. d4 Nf6 2. Bf4 g6 3. Nc3 Bg7 4. e4 d6 5. Qd2 O-O 6. O-O-O Nbd7 7. Bh6 b6 8.
Bxg7 Kxg7 9. f3 Bb7 10. g4 c5 11. Nge2 cxd4 12. Qxd4 h6 13. h4 Kh7 14. Ng3 Ne5
15. Be2 Rc8 16. g5 Nfd7 17. f4 Nc6 18. Qe3 h5 19. e5 dxe5 20. f5 Nd4 21. Rhf1
Nxe2+ 22. Qxe2 Qc7 23. Nxh5 Qc4 24. Qxc4 Rxc4 25. Rxd7 Bc8 26. fxg6+ Kxg6 27.
Rxe7 Kxh5 28. Rfxf7 Rxf7 29. Rxf7 a5 30. Rh7+ Kg6 31. Rh6+ Kg7 32. Nd5 b5 33.
Nf6 Bf5 34. c3 b4 35. Ne8+ Kf8 36. Nd6 Rf4 37. Rf6+ Ke7 38. Nxf5+ Kd7 39. cxb4
axb4 40. g6 e4 41. Rf7+ Ke6 42. Nd4+ Ke5 43. Rxf4 Kxf4 44. g7 e3 45. g8=Q Ke4
46. Ne2 Kd3 47. Kd1 Ke4 48. Qg4+ Ke5 49. Qxb4 Kd5 1-0

[Event "NK Jeugd Cj"]
[Site "Assen"]
[Date "2017.04.29"]
[Round "12.1"]
[White "Bruil, Rembrandt"]
[Black "De Boer, Eelke"]
[Result "0-1"]
[WhiteElo "1963"]
[BlackElo "2100"]
[PlyCount "134"]
[EventDate "2017.??.??"]

1. d4 Nf6 2. Bf4 g6 3. Nc3 Bg7 4. e4 d5 5. e5 Ne4 6. Bd3 Nxc3 7. bxc3 c5 8. Qd2
Nc6 9. Nf3 Bg4 10. Be2 Rc8 11. O-O O-O 12. Rab1 Bxf3 13. Bxf3 Na5 14. Be2 b6
15. Rfd1 cxd4 16. cxd4 Nc4 17. Bxc4 Rxc4 18. Rb4 Qc8 19. Rxc4 Qxc4 20. c3 Rc8
21. Rc1 e6 22. Qc2 b5 23. Qb3 a5 24. Qxc4 Rxc4 25. Kf1 Bf8 26. Ke2 Ba3 27. Rc2
h5 28. Kd3 Kf8 29. Be3 Ke7 30. f3 Kd7 31. Bd2 Kc6 32. Be1 Be7 33. Bd2 Kb6 34.
Rb2 b4 35. a3 Kb5 36. cxb4 axb4 37. Bxb4 Bxb4 38. axb4 Rxb4 39. Rc2 Rb1 40. Rc7
Rh1 41. h3 Rg1 42. Rxf7 Rxg2 43. Rf6 Rg3 44. h4 Rh3 45. Rxe6 Rxf3+ 46. Ke2 Rg3
47. Rf6 Kc4 48. Kf2 Rg4 49. Kf3 Kxd4 50. Re6 Rxh4 51. Re8 Re4 52. e6 Ke5 53. e7
Kf6 54. Rf8+ Kxe7 55. Rg8 Kf6 56. Rd8 Re5 57. Rf8+ Kg5 58. Kg3 Re3+ 59. Kg2 Rd3
60. Ra8 Kf4 61. Ra1 g5 62. Rf1+ Kg4 63. Re1 Rd2+ 64. Kg1 Kf3 65. Re5 g4 66.
Rxh5 Rd1+ 67. Kh2 g3+ 0-1